[Event "AUTO-MASTER-3246"]
[Site "http://www.queenalice.com/game.php?id=1849961"]
[Date "2025.1.7"]
[Round "1"]
[White "drup"]
[Black "Pipo712"]
[Result "1-0"]
[WhiteElo "2164"]
[BlackElo "1871"]

1. e4 Nf6 2. Nc3 e5 3. Nf3 Nc6 4. d4 Nxd4 5. a3 Nxf3+ 6. Qxf3 Be7 7. Bc4 c6 8.
Bg5 O-O 9. h4 b6 10. O-O-O Qc7 11. g4 d5 12. Bxf6 dxc4 13. g5 Rd8 14. Qg3 Bxf6
15. gxf6 g6 16. Rxd8+ Qxd8 17. Qxe5 Be6 18. f4 Qb8 19. Qg5 Qf8 20. f5 Bc8 21.
fxg6 fxg6 22. h5 1-0

[Event "AUTO-MASTER-3246"]
[Site "http://www.queenalice.com/game.php?id=1849962"]
[Date "2025.1.7"]
[Round "1"]
[White "Pipo712"]
[Black "drup"]
[Result "0-1"]
[WhiteElo "2024"]
[BlackElo "2156"]

1. e4 c5 2. Nf3 Nc6 3. d4 cxd4 4. Nxd4 Nf6 5. Nc3 e5 6. Ndb5 d6 7. Nd5 Nxd5 8.
exd5 Ne7 9. a4 a6 10. Na3 Qa5+ 11. Bd2 Qxd5 12. Qe2 Qc6 13. Nc4 Be6 14. a5 Nf5
15. Nb6 Rd8 16. Bb4 Nd4 0-1

[Event "AUTO-MASTER-3254"]
[Site "http://www.queenalice.com/game.php?id=1852598"]
[Date "2025.2.22"]
[Round "1"]
[White "drup"]
[Black "princesher"]
[Result "1-0"]
[WhiteElo "2209"]
[BlackElo "2019"]

1. e4 e5 2. Nf3 d6 3. d4 Bg4 4. Be2 Bxf3 5. Bxf3 Be7 6. O-O h6 7. g3 c6 8. a4 a6
9. Bg2 Nd7 10. Be3 a5 11. Qe2 b6 12. Nc3 Ngf6 13. dxe5 dxe5 14. Rfd1 Bb4 15. Na2
Qc7 16. Nxb4 axb4 17. Bh3 c5 18. Rd2 Rd8 19. Rad1 O-O 20. Rd6 Nb8 21. Rxf6 Rxd1+
22. Qxd1 Rd8 23. Qg4 Kf8 24. Bxh6 Qe7 25. Qxg7+ Ke8 26. Qg8+ Qf8 27. Qxf8# 1-0

[Event "AUTO-MASTER-3254"]
[Site "http://www.queenalice.com/game.php?id=1852599"]
[Date "2025.2.22"]
[Round "1"]
[White "princesher"]
[Black "drup"]
[Result "0-1"]
[WhiteElo "2008"]
[BlackElo "2262"]

1. e4 c5 2. c4 Nc6 3. Nf3 d6 4. h3 Nf6 5. d3 g6 6. a3 Bg7 7. Be2 O-O 8. O-O a6
9. g4 b5 10. cxb5 axb5 11. Nbd2 h5 12. Nh2 Bb7 13. g5 Nd7 14. Ndf3 Qc8 15. Qb3
c4 16. Qxb5 Ba6 17. Qd5 Nb6 18. Qxc6 Qxc6 19. dxc4 Bxc4 20. Bxc4 Nxc4 21. Re1
Nxb2 22. Nd2 Nd3 23. Bb2 Bxb2 24. Rab1 Nxe1 25. Rxb2 f5 26. Ra2 fxe4 27. Kf1 Qc1
28. Nxe4 Rf4 29. Ng3 Nf3+ 30. Ke2 Nxh2 31. Kd3 Rxa3+ 32. Rxa3 Qxa3+ 33. Ke2 Rb4
34. Nf1 Qf3+ 35. Ke1 Rb1+ 36. Kd2 Rb2+ 37. Kc1 Qe2 38. Ne3 Qd2# 0-1

[Event "AUTO-MASTER-3254"]
[Site "http://www.queenalice.com/game.php?id=1852600"]
[Date "2025.2.22"]
[Round "1"]
[White "drup"]
[Black "Kapablanca"]
[Result "1-0"]
[WhiteElo "2214"]
[BlackElo "1756"]

1. e4 e6 2. e5 d5 3. d4 c5 4. Nf3 Nc6 5. Bb5 Bd7 6. Bxc6 bxc6 7. c3 cxd4 8. cxd4
c5 9. O-O cxd4 10. Nxd4 Bc5 11. Qg4 Bf8 12. Be3 Ne7 13. Nd2 Ng6 14. N2f3 Be7 15.
Rac1 O-O 16. Bd2 Qb6 17. b3 Rfc8 18. h4 Nf8 19. h5 Rxc1 20. Rxc1 1-0

[Event "AUTO-MASTER-3254"]
[Site "http://www.queenalice.com/game.php?id=1852601"]
[Date "2025.2.22"]
[Round "1"]
[White "Kapablanca"]
[Black "drup"]
[Result "0-1"]
[WhiteElo "1758"]
[BlackElo "2213"]

1. d4 Nf6 2. c4 d5 3. e3 e6 4. Nc3 b6 5. Nf3 Bb7 6. cxd5 Nxd5 7. Be2 Be7 8. O-O
O-O 9. h3 c5 10. Nxd5 Qxd5 11. dxc5 Qxc5 12. a3 a5 13. Bd2 Qd5 14. Bc3 Qc6 15.
Rc1 Rd8 16. Qc2 h6 17. Rfd1 Nd7 18. Bf1 Nc5 19. Rxd8+ Rxd8 20. Ne1 Rc8 0-1

[Event "AUTO-MASTER-3254"]
[Site "http://www.queenalice.com/game.php?id=1852602"]
[Date "2025.2.22"]
[Round "1"]
[White "drup"]
[Black "pomar"]
[Result "1-0"]
[WhiteElo "2175"]
[BlackElo "1833"]

1. Nf3 e6 2. c4 d5 3. d4 dxc4 4. Qa4+ Bd7 5. Qxc4 Nc6 6. g3 Nf6 7. Bg2 Na5 8.
Qd3 Bb4+ 9. Nc3 Nd5 10. O-O Bxc3 11. bxc3 a6 12. c4 Nb6 13. Ne5 Nc6 14. Ba3 f6
15. Ng6 hxg6 16. Qxg6# 1-0

[Event "AUTO-MASTER-3254"]
[Site "http://www.queenalice.com/game.php?id=1852603"]
[Date "2025.2.22"]
[Round "1"]
[White "pomar"]
[Black "drup"]
[Result "0-1"]
[WhiteElo "1900"]
[BlackElo "2190"]

1. f3 d5 2. Kf2 Bf5 3. e3 e5 4. d4 Nc6 5. Bb5 Ne7 6. dxe5 a6 7. Bxc6+ Nxc6 8. f4
f6 9. exf6 Qxf6 10. Nf3 O-O-O 11. Nc3 Bc5 12. Re1 d4 13. Nxd4 Nxd4 14. exd4 Rxd4
15. Qh5 Rxf4+ 16. Kg3 Bf2+ 17. Kxf4 Bg6+ 18. Kg4 Bxh5+ 19. Kxh5 Qh4# 0-1